Responses for Show #7328 - Wednesday, June 22, 2016

Contestants

[<< previous game]

Cary Finkelstein, an attorney from Los Angeles, California

Megan Mills, a teacher from Fairfax, Virginia

Laurie MacDougall, a cancer registrar originally from Medford, Massachusetts (whose 1-day cash winnings total $26,700)

[next game >>]

Jeopardy! Round responses

ART TERMS
A MAJOR LEAGUER IN THE SONG
(Alex: You have to fill in a single team player for us.)
ENGLISH USAGE
-OLOGIES
MILAN
OUT OF FASHION WEEK
(Alex: Not in fashion.)
    $200 11
a mural

Megan
    $200 26
tiger

Laurie
    $200 6
rock

Triple Stumper
    $200 1
theology

Laurie
    $200 17
a cathedral

Megan
    $200 16
shoulder pads

Megan
    $400 12
a diptych

Megan
    $400 27
angel

Laurie
    $400 7
biweekly

Laurie
    $400 2
ecology

Triple Stumper
    $400 18
Mussolini

Cary
    $400 22
a fanny pack

Laurie
    $600 13
(Cary: What is contouring?)
(Megan: What is chiaroscuro?)

crosshatching

MeganCary
Triple Stumper
    $600 28
ray

Cary
    $3,000 8
fail

Laurie
    $600 3
King Tut

Laurie
    $600 19
Attila the Hun

Triple Stumper
    $600 23
a mullet

Megan
    $800 15
patina

Triple Stumper
    $800 29
pirate

Laurie
    $800 9
winningest

Triple Stumper
    $800 4
Houdini

Laurie
    $800 20
Right Said Fred

Megan
    $800 24
Birkenstocks

Cary
    $1000 14
a trompe l'oeil

Cary
    $1000 30
Yankee

Triple Stumper
    $1000 10
intransitive

Megan
    $1000 5
(Megan: What are plants?)
[Applause for Laurie, even though she did not run the category]

tree rings

LaurieMegan
    $1000 21
Pirelli

Triple Stumper
    $1000 25
pleats

Megan

Scores at the first commercial break (after clue 15):

Laurie Megan Cary
$6,000 $0 $400

Scores at the end of the Jeopardy! Round:

Laurie Megan Cary
$7,800 $2,800 $2,200

Double Jeopardy! Round responses

PREQUELS & SEQUELS
EMMY TIME
OPERA
DO YOUR "OB"
AMERICANA
START UP YOUR CARLOS
    $400 3
J.K. Rowling

Megan
    $400 1
Friends

Megan
    $400 11
Wagner

Megan
    $400 16
throb

Cary
    $400 17
Carson City

Laurie
    $400 24
(Megan: Who is Walker?)

Chuck

MeganCary
    $800 2
The Lord of the Rings

Laurie
    $800 7
Amy Schumer

Cary
    $800 18
Joan of Arc

Laurie
    $800 12
mob

Cary
    $800 22
(Cary: What are glaciers?)

volcanoes

Cary
Triple Stumper
    $800 25
King Juan Carlos

Laurie
    $2,600 6
(Joseph) Heller

Laurie
    $1200 8
Taxi

Laurie
    $1200 19
Paris

Laurie
    $1200 13
carob

Megan
    $1200 23
a Space Shuttle

Triple Stumper
    $2,800 26
Carlos Santana

Laurie
    $1600 4
The House at Pooh Corner

Triple Stumper
    $1600 9
Justified

Cary
    $1600 20
Madame Butterfly

Laurie
    $1600 14
Nob Hill

Laurie
    $1600 30
Jamaica Bay

Triple Stumper
    $1600 27
Carlos the Jackal

Laurie
    $2000 5
A Time to Kill

Laurie
    $2000 10
the Smothers Brothers

Laurie
    $2000 21
Nixon

Cary
    $2000 15
nabob

Laurie
    $2000 29
John & Priscilla Alden

Triple Stumper
    $2000 28
William Carlos Williams

Megan

Scores at the end of the Double Jeopardy! Round:

Laurie Megan Cary
$29,200 $6,800 $7,400
(lock game)

[wagering suggestions for these scores]

Final Jeopardy! Round responses

EUROPEAN GEOGRAPHY
(Alex: [To Cary] He picked the correct country. That's the one, all those inlets, those fjords.)
MeganWhat is Sweden?
$5,599
CaryWhat is Norway?
$0
LaurieWhat is Italy?
$4,200
Norway

Final scores:

Laurie Megan Cary
$25,000 $1,201 $7,400
2-day champion: $51,700 3rd place: $1,000 2nd place: $2,000

Game dynamics:

Coryat scores:

Laurie Megan Cary
$23,800 $6,800 $7,400
24 R
(including 3 DDs),
0 W
13 R,
3 W
10 R,
2 W

Combined Coryat: $38,000

[game clues] [game scores] [suggest correction]

Game tape date: 2016-03-24
The J! Archive is created by fans, for fans. Scraping, republication, monetization, and malicious use prohibited; this site may use cookies and collect identifying information. See terms. The Jeopardy! game show and all elements thereof, including but not limited to copyright and trademark thereto, are the property of Jeopardy Productions, Inc. and are protected under law. This website is not affiliated with, sponsored by, or operated by Jeopardy Productions, Inc. Join the discussion at JBoard.tv.